|
|
|
|
| LEADER |
00000cam a2200000 7i4500 |
| 001 |
0000094847 |
| 005 |
20250225101525.0 |
| 020 |
|
|
|a 9789671399309 (
|q (paperback))
|
| 040 |
|
|
|e rda
|
| 041 |
|
|
|a Malay
|
| 090 |
0 |
0 |
|a 928.9923
|b BIO
|
| 245 |
1 |
0 |
|a Biografi singkat Ali Syari'ati
|
| 264 |
|
1 |
|a Kuala Lumpur :
|b Toko Buku Rakyat
|c 2023
|
| 300 |
|
|
|a 99 pages :
|b illustrations ;
|c 18 cm.
|
| 336 |
|
|
|a text
|2 rdacontent
|
| 337 |
|
|
|a unmediated
|2 rdamedia
|
| 338 |
|
|
|a volume
|2 rdacarrier
|
| 541 |
|
|
|c Purchased on 2024
|f 1210 FKP
|h RM25.00
|
| 650 |
|
0 |
|a Authors, Malay
|x Biography
|
| 730 |
0 |
|
|a Judul
|
| 999 |
|
|
|a 0001796042
|b Book
|c Adult Collection
|e Perbadanan Perpustakaan Awam Johor
|
| 999 |
|
|
|a 0001796043
|b Book
|c Adult Collection
|e Perbadanan Perpustakaan Awam Johor
|
| 999 |
|
|
|a 0001796044
|b Book
|c Adult Collection
|e Cawangan AEON Kulaijaya
|
| 999 |
|
|
|a 0001796045
|b Book
|c Adult Collection
|e Cawangan Tmn. Ungku Tun Aminah
|
| 999 |
|
|
|a 0001796046
|b Book
|c Adult Collection
|e Perbadanan Perpustakaan Awam Johor
|
| 999 |
|
|
|a 0001796047
|b Book
|c Adult Collection
|e Perbadanan Perpustakaan Awam Johor
|
| 999 |
|
|
|a 0001796048
|b Book
|c Adult Collection
|e Cawangan Mersing
|
| 999 |
|
|
|a 0001796049
|b Book
|c Adult Collection
|e Cawangan Kota Tinggi
|
| 999 |
|
|
|a 0001796050
|b Book
|c Adult Collection
|e Cawangan Batu Pahat
|
| 999 |
|
|
|a 0001796051
|b Book
|c Adult Collection
|e Cawangan Taman Sri Lambak
|
| 999 |
|
|
|a 0001796052
|b Book
|c Adult Collection
|e Cawangan Segamat
|
| 999 |
|
|
|a 0001796053
|b Book
|c Adult Collection
|e Cawangan Pontian
|
| 999 |
|
|
|a 0001796054
|b Book
|c Adult Collection
|e Cawangan Muar
|
| 999 |
|
|
|a 0001796055
|b Book
|c Adult Collection
|e Cawangan Bukit Gambir
|
| 999 |
|
|
|a 0001796056
|b Book
|c Adult Collection
|e Cawangan Tangkak
|
| 999 |
|
|
|a 0001796057
|b Book
|c Adult Collection
|e Perbadanan Perpustakaan Awam Johor
|